000 00226nam a22000857a 4500
008 170119b xxu||||| |||| 00| 0 eng d
100 _92492
_aButterfied.J.
245 _aOxford A-Z of English Usage
260 _aNew Delhi
_bOxford
_c2011
999 _c5558
_d5558